000 00688nam a2200217Ia 4500
003 GCL
008 140319s9999 xx 000 0 ara d
040 _aGCL /
_cGCL
082 0 4 _a792
_bع م
100 1 _aعبدالمجيد شكرى
245 1 0 _aالمسرح كوسيلة اتصال جماهيرى /
_cعبدالمجيد شكرى
260 _aالقاهرة :
_bالعربى للنشر والتوزيع ،
_c1993
300 _a88 ص ؛
_c12 سم
490 _a
650 0 4 _aالمسرح
650 0 4 _aوسائل الاعلام
650 0 4 _aالمسرح والمجتمع
650 0 4 _aتاريخ ونقد
650 0 4 _aالمسرحيات العربية
942 _2ddc
_cBK
999 _c28190
_d28190